[Event "2nd IECC"]
[Site "Ohrid MKD"]
[Date "2001.06.01"]
[Round "1"]
[White "Blehm,P"]
[Black "Polgar,Ju"]
[Result "1/2-1/2"]
[WhiteElo "2530"]
[BlackElo "2678"]

1.e4 c5 2.Nf3 e6 3.d4 cxd4 4.Nxd4 Nc6 5.Nc3 Qc7 6.Be2 a6 7.Be3 Nf6 8.a3 Na5
9.Qd3 b5 10.Rd1 Nc4 11.Bc1 Bb7 12.O-O Rc8 13.f4 d6 14.Bf3 Nd7 15.Qe2 Be7
16.b3 Ncb6 17.Bb2 O-O 18.Kh1 Rfe8 19.Qf2 Bf6 20.e5 dxe5 21.Ndxb5 axb5 22.Nxb5 Qxc2
23.Bxb7 Qxf2 24.Rxf2 Rb8 25.Bc6 Rec8 26.Bxd7 Nxd7 27.Rxd7 Rxb5 28.fxe5 Bxe5
29.Rfd2  1/2-1/2

[Event "ch-IND"]
[Site "New Delhi IND"]
[Date "2001.06.02"]
[Round "1"]
[White "Wajih,N"]
[Black "Mishra,N"]
[Result "1-0"]
[WhiteElo "2371"]
[BlackElo "2321"]

1.e4 c5 2.Nf3 e6 3.d4 cxd4 4.Nxd4 Nc6 5.Nc3 a6 6.Be2 Nge7 7.Be3 Nxd4 8.Qxd4 b5
9.O-O Nc6 10.Qd2 Be7 11.a4 b4 12.Nd5 exd5 13.exd5 Na5 14.d6 Bf6 15.Qxb4 O-O
16.Bb6 Nc6 17.Qb3 Qe8 18.Rfe1 Qe5 19.Bc4 Qxb2 20.Bxf7+ Kh8 21.Qe3 Qxa1 22.Rxa1 Bxa1
23.h4 Be5 24.Bd5 Bxd6 25.Bd4 Rb8 26.g3 Nxd4 27.Qxd4 Rb4 28.c4 Be7 29.h5 Bb7
30.h6 Bf6 31.Qc5 Rb1+ 32.Kh2 Rc8 33.Qd6 Bxd5 34.cxd5 Rb2 35.Kg2 Bd4 36.hxg7+ Bxg7
37.Qxd7 Rf8 38.Qc6 Rfxf2+ 39.Kh3 Rh2+ 40.Kg4 Rb4+ 41.Kg5 Rf2 42.Qc8+ Rf8
43.Qxa6 Rd4 44.g4 Rxd5+ 45.Kh4 Bf6+ 46.Kg3 Be5+ 47.Kh4 Rd6  1-0

[Event "ch-IND"]
[Site "New Delhi IND"]
[Date "2001.06.02"]
[Round "2"]
[White "Prasad,D"]
[Black "Ganguly,S"]
[Result "1/2-1/2"]
[WhiteElo "2440"]
[BlackElo "2456"]

1.e4 c5 2.Nf3 e6 3.d4 cxd4 4.Nxd4 Nc6 5.Nc3 Nf6 6.Ndb5 d6 7.Bf4 e5 8.Bg5 a6
9.Na3 b5 10.Bxf6 gxf6 11.Nd5 Bg7 12.c3 f5 13.exf5 Bxf5 14.Nc2 O-O 15.Nce3 Be6
16.g3 f5 17.Bh3 Kh8 18.O-O Rb8 19.a3 Qd7 20.f4 a5 21.Bg2 b4 22.axb4 axb4
23.Ra6 bxc3 24.bxc3 Nd8  1/2-1/2

[Event "ch-IND"]
[Site "New Delhi IND"]
[Date "2001.06.02"]
[Round "19"]
[White "Saravanan,V"]
[Black "Thipsay,P"]
[Result "1/2-1/2"]
[WhiteElo "2428"]
[BlackElo "2453"]

1.e4 c5 2.Nf3 e6 3.d4 cxd4 4.Nxd4 Nc6 5.Nc3 Qc7 6.Be3 Nf6 7.Bd3 a6 8.O-O Nxd4
9.Bxd4 Bc5 10.Bxc5 Qxc5 11.Qe2 d6 12.Kh1 O-O 13.Rad1 e5 14.Bc4 b5 15.Bb3 Be6  1/2-1/2

[Event "ch-IND"]
[Site "New Delhi IND"]
[Date "2001.06.03"]
[Round "3"]
[White "Ganguly,S"]
[Black "Mishra,N"]
[Result "1/2-1/2"]
[WhiteElo "2456"]
[BlackElo "2321"]

1.e4 c5 2.Nf3 e6 3.d4 cxd4 4.Nxd4 Nc6 5.Nc3 Qc7 6.Be2 a6 7.O-O Nf6 8.Be3 Bb4
9.Na4 O-O 10.c4 Be7 11.Nc3 d6 12.Rc1 Ne5 13.f4 Ng6 14.Qe1 h6 15.Qg3 Kh8 16.Nb3 b6
17.Bf3 Rb8 18.Kh1 Rg8 19.Bd4 e5 20.fxe5 Nxe5 21.Nd5 Nxd5 22.cxd5 Qd8 23.Bh5 Bf6
24.Qc3 Rf8 25.Rc2 Bd7 26.Be2 Rc8 27.Qd2 Rxc2 28.Qxc2 a5 29.Qc3 Qb8 30.Qe3 Bg5
31.Qf2 a4 32.Nc1 Qc7 33.Nd3 Ng4 34.Bxg4 Bxg4 35.h4 Bd8 36.Qf4 f5 37.e5 Qe7
38.g3 Kg8 39.e6 Be2 40.Nb4 Bxf1 41.Nc6 Qe8 42.Qxf1 f4 43.Qe1  1/2-1/2

[Event "2nd IECC"]
[Site "Ohrid MKD"]
[Date "2001.06.03"]
[Round "3"]
[White "Iordachescu,V"]
[Black "Bischoff,K"]
[Result "1/2-1/2"]
[WhiteElo "2589"]
[BlackElo "2533"]

1.e4 c5 2.Nf3 e6 3.d4 cxd4 4.Nxd4 Nc6 5.Nc3 d6 6.g4 a6 7.Be3 Nge7 8.Nb3 b5
9.g5 Bb7 10.Qe2 Qc7 11.f4 Nc8 12.Qf2 Be7 13.Bg2 Bd8 14.a4 b4 15.Nb1 O-O 16.N1d2 f5
17.O-O-O Rb8 18.Kb1 fxe4 19.Nxe4 N6e7 20.Nd4 Bd5 21.Bc1 Qb7 22.Rhe1 Bb6 23.Qe2 Bxd4
24.Rxd4 Nf5 25.Rd3 b3 26.cxb3 Kh8 27.g6 h6 28.Bh1 Nce7 29.Rh3 Nxg6 30.Rg1 Nge7
31.Nxd6 Nxd6 32.Rxh6+ Kg8 33.Qh5 Be4+ 34.Ka1 Nf7 35.Rxe6 Bxh1 36.Rxg7+ Kxg7
37.Qg4+ Kh7 38.Qh5+ Kg7 39.Qg4+ Kh7 40.Qh5+ Kg7  1/2-1/2

[Event "2nd SUFE Cup Rapid"]
[Site "Shanghai CHN"]
[Date "2001.06.03"]
[Round "10"]
[White "Qin Kanying"]
[Black "Alexandria,N"]
[Result "0-1"]
[WhiteElo "2489"]
[BlackElo "2336"]

1.e4 c5 2.Nf3 e6 3.d4 cxd4 4.Nxd4 Nc6 5.Nc3 Qc7 6.g3 a6 7.Bg2 Nf6 8.O-O d6
9.Re1 Nd7 10.a4 Be7 11.Kh1 O-O 12.f4 Rb8 13.Be3 Na5 14.Qd3 b6 15.b3 Bb7 16.Bg1 Rfe8
17.Nce2 Bf6 18.Rab1 Rbd8 19.c4 g6 20.Nc3 Nc5 21.Qc2 Nd7 22.Nde2 Bg7 23.Rf1 Nc6
24.Rbd1 Qb8 25.g4 Nc5 26.Nd4 Nb4 27.Qf2 Qa8 28.Qe1 e5 29.fxe5 dxe5 30.Nf3 Rxd1
31.Qxd1 Nxe4 32.Nxe4 Bxe4 33.Bxb6 Nd3 34.Be3 f5 35.gxf5 gxf5 36.Qe2 f4 37.Bd2 Nc5
38.Bb4 Nxb3 39.Re1 Bc6 40.Qa2 Bxf3  0-1

[Event "ch-IND"]
[Site "New Delhi IND"]
[Date "2001.06.04"]
[Round "5"]
[White "Thipsay,P"]
[Black "Mishra,N"]
[Result "0-1"]
[WhiteElo "2453"]
[BlackElo "2321"]

1.e4 c5 2.Nf3 e6 3.d4 cxd4 4.Nxd4 Nc6 5.Nc3 Qc7 6.Be2 a6 7.O-O Nf6 8.Be3 Bb4
9.Na4 O-O 10.Nxc6 bxc6 11.c4 Bd6 12.f4 Nxe4 13.Bd3 f5 14.c5 Be7 15.Bxe4 fxe4
16.Qd4 a5 17.Qxe4 Ba6 18.Rfd1 Be2 19.Rd2 Bg4 20.h3 Bf5 21.Qe5 Ra7 22.Rad1 Qd8
23.Bd4 Bf6 24.Qe2 Rb7 25.Be5 Rf7 26.b3 Bg6 27.Rd4 h6 28.Rd6 Rb4 29.R1d4 Bxe5
30.Qxe5 Rxd4 31.Rxd4 Qh4 32.Nb6 Rf5 33.Qe3 Be8 34.Nxd7 Bxd7 35.Rxd7 Rxf4
36.Qxe6+ Kh7 37.Qxc6 Qe1+ 38.Kh2 Rf1 39.Rxg7+ Kxg7 40.Qd7+ Kf6 41.Qd6+ Kf5
42.Qd3+ Ke5  0-1

[Event "2nd IECC"]
[Site "Ohrid MKD"]
[Date "2001.06.04"]
[Round "4"]
[White "Brendel,O"]
[Black "Stefansson,H"]
[Result "0-1"]
[WhiteElo "2389"]
[BlackElo "2570"]

1.e4 c5 2.Nf3 Nc6 3.d4 cxd4 4.Nxd4 e6 5.Nc3 Qc7 6.g3 a6 7.Bg2 Nf6 8.O-O d6
9.h3 Be7 10.Be3 O-O 11.f4 Rb8 12.Kh2 Nxd4 13.Qxd4 b5 14.a3 Nd7 15.Rad1 Nb6
16.Bg1 Nc4 17.e5 dxe5 18.fxe5 Nxb2 19.Ne4 Nxd1 20.Nf6+ Bxf6 21.exf6 Qxc2
22.fxg7 Re8 23.Qf4 Rb7  0-1

[Event "2nd IECC"]
[Site "Ohrid MKD"]
[Date "2001.06.04"]
[Round "4"]
[White "Azarov,S"]
[Black "Greenfeld,A"]
[Result "0-1"]
[WhiteElo "2452"]
[BlackElo "2570"]

1.e4 c5 2.Nf3 e6 3.d4 cxd4 4.Nxd4 Nc6 5.Nc3 Nf6 6.Nxc6 bxc6 7.e5 Nd5 8.Ne4 Qc7
9.f4 Qb6 10.Bd3 Ba6 11.a3 Be7 12.Bxa6 Qxa6 13.Qe2 Qxe2+ 14.Kxe2 f5 15.Nf2 a5
16.c4 Nb6 17.Kd3 Bc5 18.Nd1 d5 19.exd6 O-O-O 20.Be3 Rxd6+ 21.Kc2 Bxe3 22.Nxe3 Rd4
23.g3 Rhd8 24.Rad1 c5 25.b3 a4 26.bxa4 Nxa4 27.Rhe1 Nb6 28.Re2 Nxc4 29.Nxc4 Rxd1
30.Rxe6 Rh1 31.Re7 Rxh2+ 32.Kc3 g6 33.Nb6+ Kb8 34.Kc4 Rb2 35.Nd7+ Kc7 36.Ne5+ Kd6
37.Rxh7 Rg8 38.Rd7+ Ke6 39.Rc7 Rc2+ 40.Kd3 Rg2 41.Kc4 Rxg3 42.Rc6+ Ke7 43.a4 g5
44.Rc7+ Kd8 45.Ra7 gxf4 46.Kd5 R8g7 47.Ra8+ Kc7 48.a5 Kb7 49.Rf8 f3 50.Nc6 f2
51.a6+ Kxa6  0-1

[Event "2nd SUFE Cup Rapid"]
[Site "Shanghai CHN"]
[Date "2001.06.04"]
[Round "12"]
[White "Xu Yuhua"]
[Black "Alexandria,N"]
[Result "1-0"]
[WhiteElo "2501"]
[BlackElo "2336"]

1.e4 c5 2.Nf3 e6 3.d4 cxd4 4.Nxd4 Nc6 5.Nc3 Qc7 6.Be3 a6 7.Bd3 Nf6 8.O-O Ne5
9.h3 Bc5 10.Kh1 d6 11.f4 Ng6 12.Qf3 O-O 13.Nb3 Bxe3 14.Qxe3 b5 15.a3 Bb7
16.Rad1 Rac8 17.Rd2 e5 18.f5 Ne7 19.Be2 d5 20.exd5 Nexd5 21.Nxd5 Bxd5 22.Rfd1 Rfd8
23.Nc1 e4 24.a4 bxa4 25.Bxa6 Rb8 26.Ne2 Bc6 27.Nd4 Be8 28.c3 h5 29.Be2 Rdc8
30.Qg5 e3 31.Qxe3 Bd7 32.Bf3 Re8 33.Qg5 a3 34.bxa3 Qxc3 35.Rd3 Qb2 36.Kh2 Qb6
37.Bxh5 Ne4 38.Qf4 Ba4 39.Re1 Nf6 40.Rxe8+ Rxe8 41.Bf3 Rd8 42.Rd2 Qa5 43.g4 Qc3
44.Bg2 Qxa3 45.Nb5 Bxb5 46.Rxd8+ Kh7 47.g5 Nh5 48.g6+ fxg6 49.fxg6+ Kxg6
50.Be4+  1-0

[Event "2nd IECC"]
[Site "Ohrid MKD"]
[Date "2001.06.05"]
[Round "5"]
[White "Slobodjan,R"]
[Black "Petkovski,V"]
[Result "1-0"]
[WhiteElo "2529"]
[BlackElo "2265"]

1.e4 c5 2.Nc3 Nc6 3.Nge2 e6 4.d4 cxd4 5.Nxd4 a6 6.g3 d6 7.Bg2 Bd7 8.O-O Nf6
9.Nde2 b5 10.a3 Be7 11.h3 O-O 12.g4 h6 13.Ng3 Rc8 14.f4 Nh7 15.Nce2 Qb6+
16.Kh1 b4 17.axb4 Nxb4 18.c3 Nc6 19.Qd3 a5 20.Nh5 a4 21.Rxa4 Ne5 22.Qd4 Qb5
23.Ra7 Qxe2 24.fxe5 Rc4 25.Qd1 Qxd1 26.Rxd1 Rd8 27.exd6 Ba4 28.Rd4 Rxd6 29.Rxc4 Rd1+
30.Kh2 Bd6+ 31.Bf4  1-0

[Event "2nd IECC"]
[Site "Ohrid MKD"]
[Date "2001.06.05"]
[Round "5"]
[White "Baklan,V"]
[Black "Savchenko,S"]
[Result "1/2-1/2"]
[WhiteElo "2613"]
[BlackElo "2517"]

1.e4 c5 2.Nf3 e6 3.d4 cxd4 4.Nxd4 Nc6 5.Nc3 Qc7 6.Be3 a6 7.Bd3 Nf6 8.O-O Nxd4
9.Bxd4 Bc5 10.Bxc5 Qxc5 11.Na4 Qc7 12.c4 d6 13.Rc1 Bd7 14.c5 O-O 15.cxd6 Qxd6
16.Nc5 Bc6 17.Qe2 Nd7 18.Nxd7  1/2-1/2

[Event "2nd IECC"]
[Site "Ohrid MKD"]
[Date "2001.06.05"]
[Round "5"]
[White "Efimov,I"]
[Black "Eljanov,P"]
[Result "0-1"]
[WhiteElo "2480"]
[BlackElo "2558"]

1.e4 c5 2.Nf3 Nc6 3.Nc3 e6 4.d4 cxd4 5.Nxd4 Nf6 6.Ndb5 d6 7.Bf4 e5 8.Bg5 a6
9.Na3 b5 10.Bxf6 gxf6 11.Nd5 f5 12.Nxb5 axb5 13.Bxb5 Bb7 14.exf5 Ra5 15.Qd3 Bg7
16.Qc4 Rxb5 17.Qxb5 Ba8 18.Qb6 Nd4 19.Qxd8+ Kxd8 20.Ne3 Bh6 21.O-O-O Bxg2
22.Rhe1 Be4 23.c3 Kd7 24.b4 Nc2 25.Re2 Nxe3 26.fxe3 Bf3 27.Rdd2 Bxe2 28.Rxe2 Rc8
29.Kc2 d5 30.Kb3 Rc4 31.a4 Re4 32.a5 Kc6 33.a6 Bxe3 34.Rg2 Kb6 35.Rg7 Kxa6
36.Rxf7 Rf4 37.f6 Rf5 38.c4 dxc4+ 39.Kxc4 Bg5 40.Rxh7 Rxf6 41.Kd5 Bf4 42.h4 Kb5
43.Rb7+ Ka4 44.b5 Kb4 45.Rh7 Kxb5 46.h5 Kb4 47.h6 Rb6 48.Rh8 Bxh6  0-1

[Event "2nd IECC"]
[Site "Ohrid MKD"]
[Date "2001.06.06"]
[Round "6"]
[White "Miroshnichenko,E"]
[Black "Piket,Je"]
[Result "1/2-1/2"]
[WhiteElo "2520"]
[BlackElo "2628"]

1.e4 c5 2.Nf3 e6 3.d4 cxd4 4.Nxd4 Nc6 5.Nc3 Qc7 6.g3 a6 7.Bg2 d6 8.O-O Bd7
9.a4 Nf6 10.Nb3 Rc8 11.g4 h6 12.f4 Be7 13.h3 Na5 14.Nd4 Qb6 15.Kh2 g5 16.Nde2 Nc4
17.a5 Qc5 18.e5 dxe5 19.fxg5 Nxg4+ 20.hxg4 hxg5+ 21.Kg3 f5 22.Be4 Nd6 23.Rh1 Rh4
24.Rxh4 gxh4+ 25.Kh3 Nxe4 26.Nxe4 fxe4 27.Nc3 Qf2 28.Nxe4 Qxc2 29.Nd6+ Bxd6
30.Qxd6 Qf2 31.Qxe5 Qf1+ 32.Kxh4 Rxc1 33.Qh5+ Kf8 34.Qh6+ Kf7 35.Qxc1 Qf2+
36.Kh3 Qf3+ 37.Kh4 Qf2+ 38.Kh3  1/2-1/2

[Event "ch-IND"]
[Site "New Delhi IND"]
[Date "2001.06.07"]
[Round "11"]
[White "Prasad,D"]
[Black "Mishra,N"]
[Result "1/2-1/2"]
[WhiteElo "2440"]
[BlackElo "2321"]

1.e4 c5 2.Nf3 e6 3.d4 cxd4 4.Nxd4 Nc6 5.Nc3 Qc7 6.Be2 a6 7.O-O Nf6 8.Kh1 Nxd4
9.Qxd4 Bc5 10.Qd3 b5 11.Bg5 Be7 12.f4 b4 13.Nd1 Bb7  1/2-1/2

[Event "ch-IND"]
[Site "New Delhi IND"]
[Date "2001.06.07"]
[Round "12"]
[White "Wajih,N"]
[Black "Roy Chowdhury,S"]
[Result "1/2-1/2"]
[WhiteElo "2371"]
[BlackElo "2306"]

1.e4 c5 2.Nf3 e6 3.d4 cxd4 4.Nxd4 Nc6 5.Nc3 Qc7 6.Be3 a6 7.Be2 Nf6 8.O-O Be7
9.f4 d6 10.Bf3 O-O 11.Kh1 Bd7 12.Nb3 Rab8 13.g4 Bc8 14.g5 Nd7 15.Bg2 b5 16.Qh5 g6
17.Qh6 Re8 18.Rf3 Bf8 19.Qh4 Bg7 20.f5 b4 21.f6 bxc3 22.fxg7 Nce5 23.Rh3 Kxg7
24.Qh6+ Kg8 25.Qxh7+ Kf8 26.bxc3 Bb7 27.Rf1 Ke7 28.Bd4 Rh8 29.Qxh8 Rxh8 30.Rxh8 Qc4
31.Na5 Qb5 32.Nxb7 Qxb7 33.h4 Qb2 34.Rh7 Ke8 35.Rh8+ Ke7 36.Rh7  1/2-1/2

[Event "2nd IECC"]
[Site "Ohrid MKD"]
[Date "2001.06.07"]
[Round "7"]
[White "Polgar,Ju"]
[Black "Delchev,A"]
[Result "1/2-1/2"]
[WhiteElo "2678"]
[BlackElo "2584"]

1.e4 c5 2.Nf3 Nc6 3.d4 cxd4 4.Nxd4 e6 5.Nc3 Qc7 6.g3 a6 7.Bg2 Nf6 8.O-O Nxd4
9.Qxd4 Bc5 10.Bf4 d6 11.Qd1 h6 12.Na4 e5 13.Nxc5 exf4 14.Nd3 fxg3 15.hxg3 O-O
16.Nf4 Bd7 17.c3 Rfe8 18.Qd4 Bc6 19.Rfe1 Qa5  1/2-1/2

[Event "IHEM"]
[Site "Hamburg GER"]
[Date "2001.06.09"]
[Round "8"]
[White "Trisic,A"]
[Black "Putzbach,G"]
[Result "1-0"]
[WhiteElo "2283"]
[BlackElo "2235"]

1.e4 c5 2.Nc3 e6 3.Nf3 Nc6 4.d4 cxd4 5.Nxd4 d6 6.Be3 Nf6 7.Be2 a6 8.O-O Be7
9.f4 O-O 10.Qe1 Qc7 11.Qg3 Bd7 12.Kh1 b5 13.a3 Na5 14.e5 Ne8 15.Nf5 Bc6 16.Bb6 Qxb6
17.Nxe7+ Kh8 18.f5 Nc4 19.Bxc4 bxc4 20.fxe6 f6 21.Rf4 Qb7 22.Ng6+ hxg6 23.Rh4+ Kg8
24.Qxg6 Bxg2+ 25.Kg1 Be4 26.Nxe4 Qxe4 27.Qxe4  1-0

[Event "2nd IECC"]
[Site "Ohrid MKD"]
[Date "2001.06.09"]
[Round "8"]
[White "Ilic,Ljubo"]
[Black "Petrov,M"]
[Result "0-1"]
[WhiteElo "2282"]
[BlackElo "2425"]

1.e4 c5 2.Nf3 e6 3.d4 cxd4 4.Nxd4 Nc6 5.Nc3 d6 6.Be3 Nf6 7.Be2 Be7 8.O-O O-O
9.Kh1 a6 10.f4 Qc7 11.Qe1 Nxd4 12.Bxd4 b5 13.Qg3 Bb7 14.Bd3 g6 15.Rae1 b4
16.Nd1 Rac8 17.b3 Nh5 18.Qh3 e5 19.fxe5 dxe5 20.Bb2 Nf4 21.Rxf4 exf4 22.Qh6 f6
23.Nf2 Bd6 24.Bc4+ Kh8 25.Nd3 Rce8 26.e5 f3 27.gxf3 Bxf3+ 28.Kg1 fxe5 29.Nxe5 Qc5+
30.Kf1 Be2+  0-1

[Event "White Nights"]
[Site "St Petersburg RUS"]
[Date "2001.06.09"]
[Round "1"]
[White "Sivokho,S"]
[Black "Taranenko,O"]
[Result "1-0"]
[WhiteElo "2476"]
[BlackElo "2257"]

1.e4 c5 2.Nf3 e6 3.d4 cxd4 4.Nxd4 Nc6 5.Nc3 d6 6.g4 Be7 7.Be3 a6 8.Rg1 h6
9.Qd2 Bd7 10.O-O-O Rc8 11.Kb1 Nf6 12.f4 b5 13.a3 b4 14.axb4 Nxb4 15.g5 hxg5
16.fxg5 Nh5 17.Nb3 a5 18.Nd4 g6 19.Ndb5 d5 20.exd5 exd5 21.Nxd5 Bf5 22.Nxb4 Qxd2
23.Rxd2 Bxb4 24.Re2 O-O 25.Nd4 Be4 26.Bg2 Rfe8 27.Bc1 Bxg2 28.Rgxg2 Bc5 29.Nb5 Red8
30.Bd2 a4 31.Rg4 Rb8 32.c4 Rd3 33.Kc2 Rh3 34.Rge4 Ng7 35.Bc3 Ne6 36.Bf6 Bg1
37.Nd6 Rb6 38.Nc8 Ra6 39.Rd2 Kf8 40.Rxe6 fxe6 41.Rd8+ Kf7 42.Nd6+ Rxd6 43.Rxd6 Rxh2+
44.Kc3 Bc5 45.Rc6 Rh3+ 46.Kc2 Rh2+ 47.Kb1 Be3 48.Rc7+ Kf8 49.Ka2 Rg2 50.Ka3 Bxg5
51.Bg7+ Ke8 52.Kxa4 Bf4 53.Rb7 e5 54.Bf6 Re2 55.c5 e4 56.b4 e3 57.Re7+ Kf8
58.Re4 g5 59.Kb3 Rd2 60.c6 e2 61.Bxg5 Rd3+ 62.Kc4 Be3 63.Bxe3 Rc3+ 64.Kb5  1-0

[Event "Sigeman & Co"]
[Site "Malmoe SWE"]
[Date "2001.06.13"]
[Round "2"]
[White "Hector,J"]
[Black "Hansen,Cu"]
[Result "1/2-1/2"]
[WhiteElo "2546"]
[BlackElo "2619"]

1.e4 c5 2.Nf3 e6 3.d4 cxd4 4.Nxd4 Nc6 5.Nc3 a6 6.Be3 Nf6 7.Bd3 d6 8.O-O Be7
9.f4 O-O 10.Qf3 e5 11.Nxc6 bxc6 12.fxe5 Ng4 13.exd6 Bxd6 14.Bf4 Bxf4 15.Qxf4 Qb6+
16.Kh1 Qxb2 17.Ne2 Qe5 18.Rab1 a5 19.h3 Qxf4 20.Nxf4 Ne5 21.Rb6 Rd8 22.Rfb1 Be6
23.Nxe6 fxe6 24.Rb7 Nxd3 25.cxd3 Rxd3 26.Rc7 Rad8 27.Rbb7 Rg3 28.Kh2 Rg6
29.Rxc6 h6 30.Rb2 Rd4 31.Re2 Ra4 32.Ra6 Kh7 33.e5 h5 34.g3 Ra3 35.Rg2 a4
36.h4  1/2-1/2

[Event "2nd IECC"]
[Site "Ohrid MKD"]
[Date "2001.06.13"]
[Round "12"]
[White "Zelcic,R"]
[Black "Stefansson,H"]
[Result "1-0"]
[WhiteElo "2503"]
[BlackElo "2570"]

1.e4 c5 2.Nf3 e6 3.d4 cxd4 4.Nxd4 Nc6 5.Nc3 Qc7 6.Be2 a6 7.O-O Nf6 8.Kh1 Be7
9.f4 d6 10.Be3 O-O 11.a4 Re8 12.Bf3 Bf8 13.Nb3 b6 14.a5 Nd7 15.axb6 Nxb6
16.Nb5 axb5 17.Bxb6 Qb7 18.Rxa8 Qxa8 19.Qe2 Bd7 20.Ra1 Qb7 21.Bf2 g6 22.h3 Qc7
23.Qd2 e5 24.f5 gxf5 25.Qg5+ Bg7 26.exf5 h6 27.Qh5 e4 28.Be2 d5 29.Be3 Qg3
30.Bg1 Bxb2 31.Ra6 Ne7 32.Bg4 e3 33.Rxh6 Nxf5 34.Bxf5 e2 35.Rh8+ Bxh8 36.Qh7+ Kf8
37.Bc5+ Re7 38.Qxh8+ Qg8 39.Bxe7+ Kxe7 40.Qe5+  1-0

[Event "2nd IECC"]
[Site "Ohrid MKD"]
[Date "2001.06.13"]
[Round "12"]
[White "Reinderman,D"]
[Black "Delchev,A"]
[Result "1/2-1/2"]
[WhiteElo "2539"]
[BlackElo "2584"]

1.e4 c5 2.Nf3 e6 3.d4 cxd4 4.Nxd4 Nc6 5.Nc3 Qc7 6.Be2 a6 7.O-O Nf6 8.Kh1 Bb4
9.Qd3 O-O 10.f4 Bxc3 11.bxc3 d5 12.e5 Ne4 13.c4 Rd8 14.Nxc6 bxc6 15.Be3 c5
16.Bf3 Bb7 17.Rab1 Bc6 18.Bxe4 dxe4 19.Qa3 Qd7 20.Rb6 Qe8 21.Qxc5 Ba4 22.Rc1 Rab8
23.h3 Rdc8 24.Rxb8 Rxb8 25.Qd6 Qc8 26.c5 h6 27.Rd1 Bc6 28.Qe7 Qe8 29.Qa7 Bd5
30.c4 Bxc4 31.c6 Bd3 32.c7 Rc8 33.Qb7 a5 34.a4 h5 35.Rc1 Qd7 36.Kh2 Kh7 37.Bb6 h4
38.Bxa5 e3 39.Bb6 e2 40.Bf2 Qxa4 41.Qf3 Ba6 42.Bxh4 Qa5 43.Be1 Qa4 44.Bd2 Qd4
45.Be1 Bb7 46.Qf2 Qe4 47.Rc3 Kg8 48.Re3 Qc6 49.Rxe2 Rxc7 50.f5 exf5 51.Qxf5 Re7
52.Bh4  1/2-1/2

[Event "2nd IECC"]
[Site "Ohrid MKD"]
[Date "2001.06.13"]
[Round "12"]
[White "Almasi,Z"]
[Black "Ionov,S"]
[Result "1-0"]
[WhiteElo "2640"]
[BlackElo "2505"]

1.e4 c5 2.Nf3 Nc6 3.d4 cxd4 4.Nxd4 e6 5.Nc3 d6 6.Be3 Nf6 7.Be2 Be7 8.O-O Bd7
9.Nb3 a6 10.f4 b5 11.a3 O-O 12.Bf3 Rb8 13.g4 Be8 14.Bg2 Nd7 15.Nc1 Qc7 16.g5 Na5
17.Nd3 Nc4 18.Bd4 Ndb6 19.b3 e5 20.Bf2 Nb2 21.Nxb2 Qxc3 22.Nd3 exf4 23.Nxf4 Bxg5
24.Qxd6 Bc6 25.Bd4 Qd2 26.Rad1 Bxf4 27.Qxc6 Qe2 28.Rfe1 Qh5 29.Bxb6 Qxh2+
30.Kf1 Rbc8 31.Qd5 Rxc2 32.e5 Bg3 33.Qe4 Ra2 34.Re2 Rxe2 35.Kxe2 Qh5+ 36.Bf3 Qh2+
37.Kf1 Bxe5 38.Rd8 Rxd8 39.Bxd8 g6 40.Qa8 Kg7 41.Be7 Bb8 42.Qxa6 Qe5 43.Bb4 Qa1+
44.Be1 Bg3 45.Qa5 Qb1 46.Qc3+ f6 47.b4 Bxe1 48.Qxe1 Qd3+ 49.Kf2 Qxa3 50.Qe7+ Kh6
51.Qe3+ Qxe3+ 52.Kxe3 Kg5 53.Kd4 Kf5 54.Kd5 g5 55.Be2 g4 56.Bxb5 h5 57.Bf1 h4
58.b5 h3 59.b6  1-0

[Event "White Nights"]
[Site "St Petersburg RUS"]
[Date "2001.06.13"]
[Round "5"]
[White "Yagupov,I"]
[Black "Shaposhnikov,E"]
[Result "1/2-1/2"]
[WhiteElo "2448"]
[BlackElo "2514"]

1.e4 c5 2.Nf3 e6 3.d4 cxd4 4.Nxd4 Nc6 5.Nc3 Qc7 6.Be3 a6 7.Bd3 Nf6 8.O-O Ne5
9.h3 Bc5 10.Na4 Ba7 11.c4 d6 12.Rc1 Bd7 13.Nc3 Nxd3 14.Qxd3 O-O 15.b3 h6
16.Rfd1 Rac8 17.Nf3 Bxe3 18.Qxe3 Rfd8 19.Nd4 Qc5 20.Re1 e5 21.Nc2 b5 22.Nd5 Nxd5
23.cxd5 a5 24.Qd2 Qc3 25.Qxc3 Rxc3 26.Ne3 Rdc8 27.Rxc3 Rxc3 28.Rb1 g6 29.a4 b4
30.Nc4 Bxa4 31.Nxa5 Bb5 32.Ra1 Kf8 33.Nc6 Rxb3 34.Ra8+ Kg7 35.Rb8 Bxc6 36.dxc6 Rb1+
37.Kh2 Rc1 38.Rxb4 Rxc6 39.Rb7 Kf6 40.g4 Ke6 41.Rb8 Rc4 42.f3 Kf6 43.h4 Rc3
44.Kg2 Rd3 45.Rd8 h5 46.gxh5 gxh5 47.Rg8 d5 48.exd5 Kf5 49.Kg3 f6 50.Re8 Rxd5
51.Rh8 Kg6 52.Rg8+ Kh7 53.Ra8 Rd3 54.Ra7+ Kg6 55.Ra4 Kf5 56.Ra5 Rd8 57.Ra6 Rd3
58.Ra5 Ke6 59.Ra6+ Rd6 60.Ra8 f5 61.Rh8 Rd2 62.Rh6+ Kf7 63.Rxh5 Kg6 64.Rg5+ Kf6
65.f4 Rd3+ 66.Kg2 e4 67.Rg3 Rd2+ 68.Kg1 Rd7 69.h5 Rg7 70.Kf2 Rg4 71.Rxg4 fxg4
72.Ke2 g3 73.Ke3 Kf5 74.Ke2 Kxf4 75.h6 e3 76.h7 g2 77.h8=Q g1=Q 78.Qd4+ Kf5
79.Qxe3 Qg4+ 80.Qf3+ Kg5 81.Qxg4+ Kxg4  1/2-1/2

[Event "5th Open"]
[Site "Voronezh RUS"]
[Date "2001.06.13"]
[Round "2"]
[White "Amonatov,F"]
[Black "Zakharstov,V"]
[Result "0-1"]
[WhiteElo "2319"]
[BlackElo "2484"]

1.e4 c5 2.Nf3 Nc6 3.d4 cxd4 4.Nxd4 e6 5.Nc3 Qc7 6.g3 a6 7.Bg2 Nf6 8.O-O d6
9.Kh1 Be7 10.a4 O-O 11.Nb3 b6 12.f4 Rd8 13.Qe2 Bb7 14.Be3 Nd7 15.Rad1 Nc5
16.Nd4 Bf6 17.Rd2 Rd7 18.Rfd1 Rad8 19.Bg1 h6 20.Qc4 Na5 21.Qe2 Nc6 22.h3 Nxd4
23.Bxd4 e5 24.Bxc5 dxc5 25.Rxd7 Rxd7 26.f5 Rd4 27.Kh2 Qd7 28.b3 Bd8 29.Nd5 Bxd5
30.exd5 Rxd1 31.Qxd1 Qxf5 32.d6 a5 33.Qd5 g6 34.c3 Kg7 35.Qa8 Qf6 36.Qd5 h5
37.h4 g5 38.hxg5 Qxg5 39.Qe4 Qf6 40.Bf3 Qxd6 41.Bxh5 Qe6 42.Qg4+ Qxg4 43.Bxg4 Kg6
44.Bd7 Kg5 45.Kg2 f5 46.Bb5 e4 47.Be2 Bf6 48.c4 f4 49.gxf4+ Kxf4 50.Kf1 Bh4
51.Bd1 Ke3 52.Bc2 Bg3 53.Bd1  0-1

[Event "Hotel Lippa GM"]
[Site "Szentgotthard HUN"]
[Date "2001.06.14"]
[Round "2"]
[White "Rajlich,V"]
[Black "Horvath,Ad"]
[Result "0-1"]
[WhiteElo "2337"]
[BlackElo "2478"]

1.e4 c5 2.Nf3 e6 3.d4 cxd4 4.Nxd4 Nc6 5.Nc3 Qc7 6.f4 a6 7.Nxc6 Qxc6 8.Bd3 b5
9.Qe2 Bb7 10.Bd2 Qc7 11.O-O b4 12.Na4 Bc6 13.b3 Nf6 14.Kh1 a5 15.e5 Nd5 16.c4 bxc3
17.Nxc3 Nxc3 18.Bxc3 g6 19.f5 gxf5 20.Bxf5 Qb7 21.Bh3 Rg8 22.Rf4 Rg7 23.Raf1 Bb5
24.Qf3 Qxf3 25.R1xf3 Rc8 26.a4 Ba6 27.Re3 Rg6 28.Bxa5 Bh6 29.Rfe4 Bxe3 30.Rxe3 Rc1+
31.Re1 Rc2 32.g4 Bb7+ 33.Kg1 h5 34.Bb6 Rb2 35.Re3 hxg4 36.Bf1 Rh6 37.Be2 Rb1+
38.Kf2 Rxh2+ 39.Kg3 Rh3+ 40.Kxg4 Rxe3 41.Bxe3 Re1 42.Bf3 Rxe3 43.Bxb7 Rxb3  0-1

[Event "5th Open"]
[Site "Voronezh RUS"]
[Date "2001.06.15"]
[Round "4"]
[White "Kiselev,G"]
[Black "Tunik,G"]
[Result "1/2-1/2"]
[WhiteElo "2391"]
[BlackElo "2434"]

1.e4 c5 2.Nf3 e6 3.d4 cxd4 4.Nxd4 Nc6 5.Nc3 Qc7 6.Be3 a6 7.f4 Nxd4 8.Qxd4 b5
9.Be2 Bb7 10.Bf3 Rc8 11.O-O Ne7 12.Rad1 Nc6 13.Qd3 Be7 14.e5 Na5 15.Bxb7 Qxb7
16.Ne4 Qd5 17.Qxd5 exd5 18.Rxd5 Rxc2 19.Rf2 Rc4 20.Ng3 g6 21.b3 Rc7 22.Rfd2 Nc6
23.Ne4 Nb4 24.Nd6+ Bxd6 25.Rxd6 Nc6 26.Bb6 Rb7 27.Bc5 h5 28.Kf2 h4 29.Kf3 a5
30.h3 a4 31.Kg4 Rh5 32.Bf2 axb3 33.axb3 Ne7 34.Ra6 Nf5 35.Ra8+ Ke7 36.Bc5+ d6
37.Bxd6+ Nxd6 38.Rxd6 Rc7 39.Rf6 Rc3 40.Ra7+ Ke8 41.f5 Rg3+ 42.Kf4 Rxf5+
43.Rxf5 gxf5 44.Ra2 Rxb3 45.Kxf5 Rg3 46.Rb2 Ke7 47.Rxb5 Rxg2 48.Rb7+ Kf8
49.Rb4 Ke7 50.Rxh4 Rf2+ 51.Rf4 Rxf4+ 52.Kxf4 f6  1/2-1/2

[Event "TSGM"]
[Site "Belgrade YUG"]
[Date "2001.06.17"]
[Round "2"]
[White "Kostic,Vl"]
[Black "Pavlovic,Mi"]
[Result "1-0"]
[WhiteElo "2383"]
[BlackElo "2501"]

1.e4 c5 2.Nf3 e6 3.d4 cxd4 4.Nxd4 Nc6 5.Nc3 Qc7 6.Be2 a6 7.O-O Nf6 8.Nxc6 bxc6
9.Bg5 Be7 10.Bd3 O-O 11.f4 d6 12.Kh1 c5 13.Qe2 Bb7 14.Rae1 h6 15.e5 hxg5
16.exf6 Bxf6 17.fxg5 Be5 18.g6 fxg6 19.Bxg6 Rxf1+ 20.Rxf1 Rf8 21.Bh7+ Kxh7
22.Rxf8 g6 23.Ne4 Kg7 24.Ng5  1-0

[Event "Sigeman & Co"]
[Site "Malmoe SWE"]
[Date "2001.06.17"]
[Round "6"]
[White "Hector,J"]
[Black "Cramling,P"]
[Result "0-1"]
[WhiteElo "2546"]
[BlackElo "2496"]

1.e4 c5 2.Nf3 e6 3.d4 cxd4 4.Nxd4 Nc6 5.Nc3 Qc7 6.Be3 a6 7.Bd3 b5 8.Nxc6 Qxc6
9.O-O Bb7 10.Kh1 Nf6 11.f3 Qc7 12.a4 Be7 13.Qd2 b4 14.Ne2 O-O 15.Rfe1 Rfc8
16.Rad1 d5 17.e5 Ne4 18.Bxe4 dxe4 19.f4 Qxc2 20.Qxc2 Rxc2 21.Rd7 Bh4 22.Nd4 Bc8
23.Rd6 Rc7 24.g3 Be7 25.Rc6 Rd7 26.Rec1 Bb7 27.Rc7 Rad8 28.Kg2 h6 29.Rxd7 Rxd7
30.Nc6 Bxc6 31.Rxc6 a5 32.h4 h5 33.Kf2 Kh7 34.Rc4 Kg6 35.Rxe4 Rc7 36.Bb6 Bc5+
37.Bxc5 Rxc5 38.Kf3 Rc1 39.Rd4 Ra1 40.b3 Rb1 41.Rd3 Kf5 42.Ke3 Rb2 43.Kd4 Rc2
44.Ke3 Rc7 45.Kf3 f6 46.exf6 gxf6 47.Kf2 Rc2+ 48.Ke3 Rc5 49.Rd6 Rc3+ 50.Kf2 Rxb3
51.Ra6 Rb2+ 52.Kf3 Rb3+ 53.Kf2 Ra3 54.Rxa5+ e5 55.fxe5 fxe5 56.Ra8 Ke4 57.Kg2 Ra2+
58.Kh3 b3 59.Rb8 b2 60.a5 Kd3 61.Rb5 e4 62.a6 e3 63.a7 e2 64.Rb3+ Kc2  0-1

[Event "Homenaje a la Bandera"]
[Site "Rosario ARG"]
[Date "2001.06.17"]
[Round "4"]
[White "Sanchez Almeyra,J"]
[Black "Triunfetti,C"]
[Result "1-0"]
[WhiteElo "2440"]
[BlackElo "2220"]

1.e4 c5 2.Nf3 e6 3.d4 cxd4 4.Nxd4 Nc6 5.Nc3 Qc7 6.f4 a6 7.Be2 d6 8.O-O Nf6
9.Be3 Be7 10.Qe1 O-O 11.Qg3 Re8 12.Rae1 Bf8 13.Kh1 Rb8 14.a3 Na5 15.Bd3 Nc4
16.Bc1 b5 17.e5 Nd7 18.Ne4 Bb7 19.Ng5 g6 20.Ndxe6 Rxe6 21.Qh3 h6 22.Nxe6 fxe6
23.Qxe6+ Kh8 24.Qxg6 Nc5 25.e6 Qe7 26.b3  1-0